Noem alle 16 windrichtingen geschreven in hele woorden - Statistieken

Algemene statistieken
  • Deze quiz is 15 keer genomen
  • De gemiddelde score is 12 van 16
Antwoordstatistieken
Antwoord % Correct
Noord
100%
NoordOost
100%
Oost
100%
West
100%
Zuid
100%
ZuidWest
100%
NoordWest
93%
ZuidOost
93%
NoordNoordOost
80%
ZuidZuidWest
73%
NoordNoordWest
67%
ZuidZuidOost
67%
OostZuidOost
47%
WestNoordWest
40%
WestZuidWest
40%
OostNoordOost
33%
Geen overeenkomende quizzen gevonden
Scoreverdeling
Procent van Mensen met Elke Score
Percentiel versus Aantal Correcte Antwoorden
Uw Scoregeschiedenis
U heeft deze quiz nog niet genomen